000 00393nam a22001577a 4500
003 MPLRDC
005 20220104180313.0
008 210129b ||||| |||| 00| 0 eng d
082 _a524.963 MOO
100 _aK.C. MOO
245 _a100 CONTOH KARANGAN DAN SURAT KIRIMAN
_c
260 _a
_b尚艺出版有限公司
_c
300 _b
650 _a自修用书
942 _cBK
_o524.963 MOO
999 _c60850
_d60840